|
|
|
|
| LEADER |
03346nam a22005895i 4500 |
| 001 |
978-3-540-75227-1 |
| 003 |
DE-He213 |
| 005 |
20151204185121.0 |
| 007 |
cr nn 008mamaa |
| 008 |
100301s2007 gw | s |||| 0|eng d |
| 020 |
|
|
|a 9783540752271
|9 978-3-540-75227-1
|
| 024 |
7 |
|
|a 10.1007/978-3-540-75227-1
|2 doi
|
| 040 |
|
|
|d GrThAP
|
| 050 |
|
4 |
|a TK5105.5-5105.9
|
| 072 |
|
7 |
|a UKN
|2 bicssc
|
| 072 |
|
7 |
|a COM075000
|2 bisacsh
|
| 082 |
0 |
4 |
|a 004.6
|2 23
|
| 245 |
1 |
0 |
|a Formal Aspects in Security and Trust
|h [electronic resource] :
|b Fourth International Workshop, FAST 2006, Hamilton, Ontario, Canada, August 26-27, 2006, Revised Selected Papers /
|c edited by Theo Dimitrakos, Fabio Martinelli, Peter Y. A. Ryan, Steve Schneider.
|
| 264 |
|
1 |
|a Berlin, Heidelberg :
|b Springer Berlin Heidelberg,
|c 2007.
|
| 300 |
|
|
|a VIII, 288 p.
|b online resource.
|
| 336 |
|
|
|a text
|b txt
|2 rdacontent
|
| 337 |
|
|
|a computer
|b c
|2 rdamedia
|
| 338 |
|
|
|a online resource
|b cr
|2 rdacarrier
|
| 347 |
|
|
|a text file
|b PDF
|2 rda
|
| 490 |
1 |
|
|a Lecture Notes in Computer Science,
|x 0302-9743 ;
|v 4691
|
| 505 |
0 |
|
|a Strategic Games on Defense Trees -- Timed Calculus of Cryptographic Communication -- A Semantic Paradigm for Component-Based Specification Integrating a Notion of Security Risk -- Game-Based Criterion Partition Applied to Computational Soundness of Adaptive Security -- Measuring Anonymity with Relative Entropy -- Formalizing and Analyzing Sender Invariance -- From Simulations to Theorems: A Position Paper on Research in the Field of Computational Trust -- A Tool for the Synthesis of Controller Programs -- Where Can an Insider Attack? -- Maintaining Information Flow Security Under Refinement and Transformation -- A Classification of Delegation Schemes for Attribute Authority -- Program Partitioning Using Dynamic Trust Models -- Locality-Based Security Policies -- A Theorem-Proving Approach to Verification of Fair Non-repudiation Protocols -- A Formal Specification of the MIDP 2.0 Security Model -- A Comparison of Semantic Models for Noninterference -- Hiding Information in Multi Level Security Systems -- A New Trust Model Based on Advanced D-S Evidence Theory for P2P Networks.
|
| 650 |
|
0 |
|a Computer science.
|
| 650 |
|
0 |
|a Computer communication systems.
|
| 650 |
|
0 |
|a Operating systems (Computers).
|
| 650 |
|
0 |
|a Data encryption (Computer science).
|
| 650 |
|
0 |
|a Information storage and retrieval.
|
| 650 |
|
0 |
|a Computers and civilization.
|
| 650 |
|
0 |
|a Management information systems.
|
| 650 |
1 |
4 |
|a Computer Science.
|
| 650 |
2 |
4 |
|a Computer Communication Networks.
|
| 650 |
2 |
4 |
|a Data Encryption.
|
| 650 |
2 |
4 |
|a Operating Systems.
|
| 650 |
2 |
4 |
|a Computers and Society.
|
| 650 |
2 |
4 |
|a Management of Computing and Information Systems.
|
| 650 |
2 |
4 |
|a Information Storage and Retrieval.
|
| 700 |
1 |
|
|a Dimitrakos, Theo.
|e editor.
|
| 700 |
1 |
|
|a Martinelli, Fabio.
|e editor.
|
| 700 |
1 |
|
|a Ryan, Peter Y. A.
|e editor.
|
| 700 |
1 |
|
|a Schneider, Steve.
|e editor.
|
| 710 |
2 |
|
|a SpringerLink (Online service)
|
| 773 |
0 |
|
|t Springer eBooks
|
| 776 |
0 |
8 |
|i Printed edition:
|z 9783540752264
|
| 830 |
|
0 |
|a Lecture Notes in Computer Science,
|x 0302-9743 ;
|v 4691
|
| 856 |
4 |
0 |
|u http://dx.doi.org/10.1007/978-3-540-75227-1
|z Full Text via HEAL-Link
|
| 912 |
|
|
|a ZDB-2-SCS
|
| 912 |
|
|
|a ZDB-2-LNC
|
| 950 |
|
|
|a Computer Science (Springer-11645)
|